Child Sexual Abuse and The Law/ (Record no. 202098)

MARC details
000 -LEADER
fixed length control field 00549 a2200181 4500
010 ## - LCCN (DPL NO)
LC control number B-758238
020 ## - INTERNATIONAL STANDARD BOOK NUMBER
International Standard Book Number 8189479431
Terms of availability 280.00
035 ## - SYSTEM CONTROL NUMBER
System control number B-758638
037 ## - SOURCE OF ACQUISITION
Source of stock number/acquisition Gift/Unesco
082 ## - DEWEY DECIMAL CLASSIFICATION NUMBER
Classification number 362.76
100 ## - MAIN ENTRY--PERSONAL NAME
Personal name Adenwalla, Maharukh
245 ## - TITLE STATEMENT
Title Child Sexual Abuse and The Law/
Statement of responsibility, etc Maharukh Adenwalla
260 ## - PUBLICATION, DISTRIBUTION, ETC. (IMPRINT)
Place of publication, distribution, etc New Delhi
Name of publisher, distributor, etc Human Rights Law Network
Date of publication, distribution, etc 2008
270 ## - ADDRESS
Address 576 Masjid Road, Jangpura
City New Delhi
Postal code 110014
300 ## - PHYSICAL DESCRIPTION
Extent ix, 210p.;
Dimensions 21cm. (pbk)
500 ## - GENERAL NOTE
General note Index
942 ## - ADDED ENTRY ELEMENTS (KOHA)
Institution code [OBSOLETE] dpl
Item type English Books
Source of classification or shelving scheme Dewey Decimal Classification
Classification part 362.76
Call number suffix ADE
Holdings
Withdrawn status Lost status Not for loan Collection code Home library Current library Date acquired Source of acquisition Cost, normal purchase price Full call number Barcode Copy number Cost, replacement price Koha item type Public note
      Non-fiction Kasturba Gandhi Marg Kasturba Gandhi Marg 10/04/2024 Gift/4.4.24 0.00 362.76 ADE B-758638 1 0.00 English Books Gift

© Delhi Public Library
Hit Counter
free hit counter